| 000 | 00486nam a22001817a 4500 | ||
|---|---|---|---|
| 999 |
_c11871 _d11871 |
||
| 003 | OSt | ||
| 005 | 20231027121747.0 | ||
| 008 | 231027b ||||| |||| 00| 0 eng d | ||
| 020 | _a8123911734 | ||
| 082 |
_223rd _a526.902462 _b DAV |
||
| 100 |
_aClark,David _d1999 |
||
| 245 | _aPlane and Geodetic Surveying for Engineer | ||
| 250 | _a6th ed. | ||
| 260 |
_aNew Delhi _bCBS Publishers and Distributors _c1983 |
||
| 300 |
_aix,288p.: _c20cm. |
||
| 650 | _2Geodetic Survey | ||
| 942 | _2ddc | ||